Principios de cirugía (Registro nro. 2606)
[ vista simple ]
| 000 -Cabecera | |
|---|---|
| Campo de control interno | 00911nam a2200217Ia 4500 |
| 005 - Fecha y hora del registro | |
| control field | 20260422152242.0 |
| 008 - Elementos de Longitud Fija | |
| fixed length control field | 260306t2020||||xx |||||||||||||| ||spa|| |
| 041 ## - Idioma | |
| Codigo Idioma | ESP |
| 082 ## - DEWEY y NOTACIÓN INTERNA | |
| Dewey | 617 |
| Notación Interna | B85 V. 1 |
| 100 ## - AUTOR | |
| Autor denominación | Brunicardi, F. Charles, |
| Término de relación | autor |
| 245 #0 - TÍTULO DE MATERIAL BIBLIOGRÁFICO | |
| Título | Principios de cirugía |
| 260 ## - CIUDAD, EDITORIAL, AÑO | |
| Año | 2020 |
| 300 ## - DESCRIPCIÓN | |
| N° Páginas | varias paginaciones : |
| Dimensiones | 28 cm. |
| 650 ## - TEMAS | |
| Temas | Generalidades |
| 654 ## - PROGRAMAS | |
| Programa | Dpto. de Ciencias de la Salud |
| 856 ## - URL - UBICACIÓN | |
| URI/URL: Enlace exacto del recurso | <a href="https://0u216xihw-y-https-accessmedicina-mhmedical-com.itmsp.museknowledge.com/book.aspx?bookid=2958">https://0u216xihw-y-https-accessmedicina-mhmedical-com.itmsp.museknowledge.com/book.aspx?bookid=2958</a> |
| Nota pública: Versión digital | <a href="Véase además: Schwartz. Principios de cirugía. Versión digital">Véase además: Schwartz. Principios de cirugía. Versión digital</a> |
| 856 ## - URL - UBICACIÓN | |
| URI/URL: Enlace exacto del recurso | <a href="https://0u216xihw-y-https-accessmedicina-mhmedical-com.itmsp.museknowledge.com/">https://0u216xihw-y-https-accessmedicina-mhmedical-com.itmsp.museknowledge.com/</a> |
| Nota pública: Versión digital | <a href="Véase además: Base de datos McGraw Hill Access Medicina">Véase además: Base de datos McGraw Hill Access Medicina</a> |
| 856 ## - URL - UBICACIÓN | |
| URI/URL: Enlace exacto del recurso | <a href="https://0u23fxiq9-y-https-www-clinicalkey-com.itmsp.museknowledge.com/student/login">https://0u23fxiq9-y-https-www-clinicalkey-com.itmsp.museknowledge.com/student/login</a> |
| Nota pública: Versión digital | <a href="Véase además: Base de datos ClinicalKey">Véase además: Base de datos ClinicalKey</a> |
| 942 ## - ELEMENTOS DE KOHA | |
| Tipo de documento | Libro |
| Nombre del creador | Justo Noguera |
| Código de catalogador | Justo Noguera |
| Esquema de clasificación | Dewey Decimal Classification |
| Codigo completo | Registro | Colección | Copia número | Disponibilidad | Tipo de préstamo | Biblioteca Actual | Procedencia (Biblioteca) | Ubicacón | Fecha Ingreso | Tipo de Adquisición | Date last seen | Total checkouts | Price effective from | Tipo de Item | Estado del Material | Fuente de Clasificación | Damaged status | Withdrawn status |
|---|---|---|---|---|---|---|---|---|---|---|---|---|---|---|---|---|---|---|
| 617 B85 V. 1 | 1081212 | Universidad Católica San Pablo | 1 | Disponible | Disponible | Víctor Andrés Belaunde | Víctor Andrés Belaunde | Planta baja abierta | 03/06/2026 | Compra | 06/03/2026 | 06/03/2026 | Libro | Bueno | Dewey Decimal Classification | |||
| 617 B85 V. 1 | 1081828 | Universidad Católica San Pablo | 2 | Disponible | Disponible | Víctor Andrés Belaunde | Víctor Andrés Belaunde | Planta baja abierta | 03/06/2026 | Compra | 06/03/2026 | 06/03/2026 | Libro | Bueno | Dewey Decimal Classification |




